| 000 | 00472nam a2200181Ia 4500 | ||
|---|---|---|---|
| 003 | LK-CoDNM | ||
| 005 | 20240129134102.0 | ||
| 008 | 010623t1923 xxu||||| |||| 00| 1 sin d | ||
| 040 |
_aLK-CoDNM _dLK-CoDNM _eLK-CoDNM |
||
| 041 | _asin | ||
| 080 |
_a104 _b N 4 |
||
| 245 | _aලංකා භූගෝලය | ||
| 246 | _aCeylon Geography ( A New) | ||
| 260 |
_bBastian Co. _aColombo _c1923 |
||
| 300 | _b202p,map, 21 cm | ||
| 700 |
_aAbeyrathna,D.H.S _eed. |
||
| 942 | _cBK | ||
| 999 |
_c91895 _d91895 |
||